MARC details
| 000 -LEADER |
| fixed length control field |
03622cim a2200709Ki 4500 |
| 001 - CONTROL NUMBER |
| control field |
3069359 |
| 005 - DATE AND TIME OF LATEST TRANSACTION |
| control field |
20210524135336.0 |
| 007 - PHYSICAL DESCRIPTION FIXED FIELD--GENERAL INFORMATION |
| fixed length control field |
sd fungnnmmnud |
| 008 - FIXED-LENGTH DATA ELEMENTS--GENERAL INFORMATION |
| fixed length control field |
200908s2020 nyunnnnc f n eng d |
| 020 ## - INTERNATIONAL STANDARD BOOK NUMBER |
| International Standard Book Number |
9781338672855 |
| Terms of availability |
3999 |
| 024 1# - OTHER STANDARD IDENTIFIER |
| Standard number or code |
9781338672855 |
| 035 ## - SYSTEM CONTROL NUMBER |
| System control number |
(OCoLC)1193577865 |
| 035 ## - SYSTEM CONTROL NUMBER |
| System control number |
(OCoLC)on1193577865 |
| 035 ## - SYSTEM CONTROL NUMBER |
| System control number |
3039046 |
| 037 ## - SOURCE OF ACQUISITION |
| Source of stock number/acquisition |
Midwest Tape |
| Note |
http://www.midwesttapes.com |
| 040 ## - CATALOGING SOURCE |
| Original cataloging agency |
TEFMT |
| Language of cataloging |
eng |
| Description conventions |
rda |
| Transcribing agency |
TEFMT |
| Modifying agency |
TEF |
| -- |
TEFMT |
| 050 #4 - LIBRARY OF CONGRESS CALL NUMBER |
| Classification number |
PZ7.N5672 |
| Item number |
Cap 2020ab |
| 082 04 - DEWEY DECIMAL CLASSIFICATION NUMBER |
| Classification number |
[Fic] |
| Edition number |
23 |
| 092 ## - LOCALLY ASSIGNED DEWEY CALL NUMBER (OCLC) |
| Classification number |
young adult audiobook |
| Item number |
Nielsen |
| 999 ## - SYSTEM CONTROL NUMBERS (KOHA) |
| Koha Dewey Subclass [OBSOLETE] |
F |
| 100 1# - MAIN ENTRY--PERSONAL NAME |
| Personal name |
Nielsen, Jennifer A., |
| Relator term |
author. |
| 9 (RLIN) |
5896815 |
| 245 14 - TITLE STATEMENT |
| Title |
The captive kingdom |
| Medium |
[sound recording] / |
| Statement of responsibility, etc |
Jennifer A. Nielsen. |
| 246 ## - VARYING FORM OF TITLE |
| Remainder of title |
Ascendance |
| 246 ## - VARYING FORM OF TITLE |
| Remainder of title |
Ascendance Book Four |
| 246 ## - VARYING FORM OF TITLE |
| Remainder of title |
Ascendance Book 4 |
| 250 ## - EDITION STATEMENT |
| Edition statement |
Unabridged. |
| 264 #1 - Production, Publication, Distribution, Manufacture, and Copyright Notice. |
| Place of production, publication, distribution, manufacture |
[New York] : |
| Name of producer, publisher, distributor, manufacturer |
Scholastic Audio Books, |
| Date of production, publication, distribution, manufacture, or copyr |
[2020] |
| 300 ## - PHYSICAL DESCRIPTION |
| Extent |
9 audio discs (approximately 10 hr., 13 min.) : |
| Other physical details |
CD audio, digital ; |
| Dimensions |
4 3/4 in. |
| 306 ## - PLAYING TIME |
| Playing time |
101300 |
| 336 ## - Content Type |
| Content type term |
spoken word |
| 337 ## - Media type |
| Media type term |
audio |
| 338 ## - Carrier type |
| Carrier type term |
audio disc |
| 490 1# - SERIES STATEMENT |
| Series statement |
Ascendance trilogy ; |
| Volume number/sequential designation |
bk. 4 |
| 500 ## - GENERAL NOTE |
| General note |
Title from web page. |
| 500 ## - GENERAL NOTE |
| General note |
Compact discs. |
| 511 0# - PARTICIPANT OR PERFORMER NOTE |
| Participant or performer note |
Read by Charlie McWade. |
| 520 ## - SUMMARY, ETC. |
| Summary, etc |
In a peaceful Carthya, Jaron leads as the Ascendant King with Imogen beside him, but the peace he fought so long for is not destined to last. On a routine sea voyage, Jaron's ship is brutally attacked, and he is taken hostage. The mysterious captors and their leader, Jane Strick, accuse Jaron of unthinkable acts. They are also in possession of some shocking items, including the crown and sword that belonged to Jaron's older brother, Darius. The items unearth a past Jaron thought he had put behind him. Though it seems impossible, Jaron must consider: Could Darius be alive? And what does Strick want from Jaron? Against his will, Jaron will be pulled back into a fight for the throne, and a battle to save his kingdom. Return to Carthya to uncover new secrets, high-stakes action, and Jennifer A. Nielsen's signature breathtaking twists. |
| 650 #0 - SUBJECT ADDED ENTRY--TOPICAL TERM |
| Topical term or geographic name as entry element |
Kings and rulers |
| Form subdivision |
Juvenile fiction. |
| 9 (RLIN) |
5680767 |
| 650 #0 - SUBJECT ADDED ENTRY--TOPICAL TERM |
| Topical term or geographic name as entry element |
Pirates |
| Form subdivision |
Juvenile fiction. |
| 9 (RLIN) |
5675416 |
| 650 #0 - SUBJECT ADDED ENTRY--TOPICAL TERM |
| Topical term or geographic name as entry element |
Inheritance and succession |
| Form subdivision |
Juvenile fiction. |
| 9 (RLIN) |
5731823 |
| 650 #0 - SUBJECT ADDED ENTRY--TOPICAL TERM |
| Topical term or geographic name as entry element |
Princes |
| Form subdivision |
Juvenile fiction. |
| 9 (RLIN) |
5675272 |
| 650 #0 - SUBJECT ADDED ENTRY--TOPICAL TERM |
| Topical term or geographic name as entry element |
Brothers |
| Form subdivision |
Juvenile fiction. |
| 9 (RLIN) |
5674796 |
| 650 #0 - SUBJECT ADDED ENTRY--TOPICAL TERM |
| Topical term or geographic name as entry element |
Adventure stories. |
| 9 (RLIN) |
6387251 |
| 650 #1 - SUBJECT ADDED ENTRY--TOPICAL TERM |
| Topical term or geographic name as entry element |
Kings, queens, rulers, etc. |
| Form subdivision |
Fiction. |
| 9 (RLIN) |
5674172 |
| 650 #1 - SUBJECT ADDED ENTRY--TOPICAL TERM |
| Topical term or geographic name as entry element |
Pirates |
| Form subdivision |
Fiction. |
| 9 (RLIN) |
5674897 |
| 650 #1 - SUBJECT ADDED ENTRY--TOPICAL TERM |
| Topical term or geographic name as entry element |
Inheritance and succession |
| Form subdivision |
Fiction. |
| 9 (RLIN) |
5673711 |
| 650 #1 - SUBJECT ADDED ENTRY--TOPICAL TERM |
| Topical term or geographic name as entry element |
Princes |
| Form subdivision |
Fiction. |
| 9 (RLIN) |
5678712 |
| 650 #1 - SUBJECT ADDED ENTRY--TOPICAL TERM |
| Topical term or geographic name as entry element |
Brothers |
| Form subdivision |
Fiction. |
| 9 (RLIN) |
5674799 |
| 650 #1 - SUBJECT ADDED ENTRY--TOPICAL TERM |
| Topical term or geographic name as entry element |
Adventure and adventurers |
| Form subdivision |
Fiction. |
| 9 (RLIN) |
102533 |
| 655 #7 - INDEX TERM--GENRE/FORM |
| Genre/form data or focus term |
Action and adventure fiction. |
| Source of term |
lcgft |
| 9 (RLIN) |
6387252 |
| 655 #7 - INDEX TERM--GENRE/FORM |
| Genre/form data or focus term |
Novels. |
| Source of term |
lcgft |
| 9 (RLIN) |
6387253 |
| 655 #7 - INDEX TERM--GENRE/FORM |
| Genre/form data or focus term |
Children's audiobooks. |
| Source of term |
lcgft |
| 9 (RLIN) |
5675081 |
| 655 #7 - INDEX TERM--GENRE/FORM |
| Genre/form data or focus term |
Audiobooks. |
| Source of term |
lcgft |
| 9 (RLIN) |
6387254 |
| 690 ## - LOCAL SUBJECT ADDED ENTRY--TOPICAL TERM (OCLC, RLIN) |
| Topical term or geographic name as entry element |
Audiobooks on CD. |
| 700 1# - ADDED ENTRY--PERSONAL NAME |
| Personal name |
McWade, Charlie, |
| Relator term |
narrator. |
| 9 (RLIN) |
5882326 |
| 787 0# - NONSPECIFIC RELATIONSHIP ENTRY |
| Note |
OCLC Work Id |
| Other item identifier |
http://worldcat.org/entity/work/id/10480628090 |
| 800 1# - SERIES ADDED ENTRY--PERSONAL NAME |
| Personal name |
Nielsen, Jennifer A. |
| Title of a work |
Ascendance trilogy (Scholastic Audiobooks) ; |
| Volume/sequential designation |
bk. 4. |
| 9 (RLIN) |
6387255 |
| 942 ## - ADDED ENTRY ELEMENTS (KOHA) |
| Source of classification or shelving scheme |
Dewey Decimal Classification |
| Koha item type |
Audiobook on CD |
| 948 ## - LOCAL PROCESSING INFORMATION (OCLC); SERIES PART DESIGNATOR (RLIN) |
| Series part designator, SPT (RLIN) |
BHH |
| b (OCLC) |
CHILDREN'S |
| p (OCLC) |
X127561146 |
| k (OCLC) |
J |
| h (OCLC) |
F |
| f (OCLC) |
1 |
| r (OCLC) |
4 |
| g (OCLC) |
1 |
| 7 (OCLC) |
0 |
| u (OCLC) |
3 |
| w (OCLC) |
8 |
| s (OCLC) |
0 |
| o (OCLC) |
BHH |
| 0 (OCLC) |
39.99 |
| y (OCLC) |
99 |
| c (OCLC) |
8 |
| j (OCLC) |
Dewey Decimal |
| n (OCLC) |
On-Order |
| 1 (OCLC) |
9 |
| e (OCLC) |
1817940-2 |
| 9 (OCLC) |
Item generated Nov 5 2020 10:58AM |